| 000 | 01443cam a22003254a 4500 | ||
|---|---|---|---|
| 999 |
_c41773 _d41773 |
||
| 001 | 14723698 | ||
| 003 | OSt | ||
| 005 | 20221109103720.0 | ||
| 008 | 070205s2007 nyua b 001 0 eng | ||
| 010 | _a 2007922341 | ||
| 020 | _a9780387713366 (hardcover : alk. paper) | ||
| 020 | _a0387713360 (hardcover : alk. paper) | ||
| 040 |
_aDLC _cDLC _dDLC |
||
| 050 | 0 | 0 |
_aQH324.2 _b.X53 2007 |
| 082 | 0 | 0 |
_a572.80285 _222 _bXIA/B |
| 100 | 1 |
_aXia, Xuhua, _d1959- _99283 |
|
| 245 | 1 | 0 |
_aBioinformatics and the cell : _bmodern computational approaches in genomics, proteomics, and transcriptomics / _cby Xuhua Xia. |
| 260 |
_aNew York : _bSpringer, _c2007. |
||
| 300 |
_axv, 349 p. : _bill. ; _c24 cm. |
||
| 504 | _aIncludes bibliographical references (p. [309]-340). | ||
| 650 | 0 | _aBioinformatics. | |
| 650 | 0 |
_aGenomics _xData processing. |
|
| 650 | 0 | 0 |
_aProteomics _xData processing. |
| 856 | 4 | 1 |
_3Table of contents only _uhttp://www.loc.gov/catdir/toc/fy0713/2007922341.html |
| 856 | 4 | 2 |
_3Contributor biographical information _uhttp://www.loc.gov/catdir/enhancements/fy0819/2007922341-b.html |
| 856 | 4 | 2 |
_3Publisher description _uhttp://www.loc.gov/catdir/enhancements/fy0819/2007922341-d.html |
| 906 |
_a7 _bcbc _corignew _d2 _eepcn _f20 _gy-gencatlg |
||
| 942 |
_2ddc _cBK _h572.80285 _iXIA/B _k572.80285 _mXIA/B |
||